Apuntes del mercado laboral Centroamérica y República Dominicana: número II-2011 /
El documento "Apuntes del mercado laboral Centroamérica y República Dominicana: número II-2011," elaborado por el Observatorio Laboral de Centroamérica y República Dominicana, ofrece un análisis detallado sobre el mercado laboral en la región. A través de datos y observaciones, se examinan...
Đã lưu trong:
| Tác giả của công ty: | |
|---|---|
| Định dạng: | Không biết |
| Ngôn ngữ: | Spanish |
| Được phát hành: |
Sin lugar:
OIT ; OLACD
|
| Những chủ đề: | |
| Các nhãn: |
Thêm thẻ
Không có thẻ, Là người đầu tiên thẻ bản ghi này!
|
MARC
| LEADER | 00000 a2200000 04500 | ||
|---|---|---|---|
| 001 | 45814 | ||
| 003 | cru IIS | ||
| 005 | 20230903083000.0 | ||
| 008 | 050703s2011 spa d | ||
| 020 | |a [sin ISBN] | ||
| 022 | |a 1659-4886 | ||
| 040 | |a CRAI/IIS |c CRAI/IIS | ||
| 090 | |a 13.01.02 O14a 2011 | ||
| 110 | |a Observatorio Laboral de Centroamérica y República Dominicana | ||
| 245 | |a Apuntes del mercado laboral Centroamérica y República Dominicana: |b número II-2011 / |c Observatorio Laboral de Centroamérica y República Dominicana | ||
| 260 | |a Sin lugar: |b OIT ; OLACD | ||
| 300 | |a 159 páginas | ||
| 520 | |a El documento "Apuntes del mercado laboral Centroamérica y República Dominicana: número II-2011," elaborado por el Observatorio Laboral de Centroamérica y República Dominicana, ofrece un análisis detallado sobre el mercado laboral en la región. A través de datos y observaciones, se examinan tendencias, desafíos y oportunidades en el ámbito laboral de Centroamérica y República Dominicana durante el año 2011. El informe aborda cuestiones como empleo, desempleo, formación laboral y dinámicas económicas, proporcionando una visión integral de la situación laboral en la región. RAR 08/2023 | ||
| 650 | 0 | |2 OCDE |9 6356 |a MERCADO LABORAL | |
| 650 | 0 | |2 OCDE |9 288 |a EMPLEO | |
| 650 | 4 | |2 OCDE |9 1844 |a DESEMPLEO | |
| 650 | 0 | |2 OCDE |9 11617 |a FORMACION | |
| 650 | 0 | |2 UNESCO |9 3649 |a POLÍTICA LABORAL | |
| 650 | 0 | |2 OCDE |9 9977 |a INFORMES | |
| 650 | 0 | |2 UNESCO |9 1873 |a ECONOMIA REGIONAL | |
| 942 | |2 ddc |c LI | ||
| 999 | |c 18500 |d 18500 | ||
